Діяльність кооперативного банку "Земля" у Східній Галичині (1907–1939 рр.) (Запис № 459447)

МАРК-запис
000 -Лідер
fixed length control field 02282nam a22002417a 4500
001 - Контрольний номер
control field 216218563
003 - Ідентифікатор контрольного номера
control field UA-OsUOA
005 - Дата та час останнього входження (трансакції)
control field 20201121221347.0
008 - Елементи даних фіксованої довжини – загальна інформація
fixed length control field 200602b un ||||| m||| 00| 0 ukr d
040 ## - Джерело каталогізації
Агенція оригінальної каталогізації UA-OsUOA
Мова каталогізації ukr
Агенція, яка здійснювала перезапис UA-OsUOA
Агенція, яка здійснювала модифікацію UA-OsUOA
041 ## - Код мови
Код мови тексту/ звукової доріжки чи окремого заголовка (П) ukr
095 ## - Код спеціальності для авторефератів
Код спеціальності 07.00.01
Назва спеціальності історія України
100 ## - Основне введення – ім’я особи
Ім’я особи (НП) Янюк І. Ф.
245 ## - Відомості про назву
Назва (НП) Діяльність кооперативного банку "Земля" у Східній Галичині (1907–1939 рр.)
Дані про відповідальність (НП) Янюк Іван Федорович ; наук. керівник Зуляк Іван Степанович
260 ## - Публікація, розповсюдження і т.п. (Вихідні дані)
Місце публікації, розповсюдження і т.п. (П) Тернопіль
Дата публікації, розповсюдження і т.п. (П) 2018
300 ## - Фізичний опис
Обсяг 18 с.
502 ## - Примітка про дисертацію
Зв'язок Автореферат дисертації на здобуття наукового ступеня кандидата історичних наук<br/>
Наймення інституції, що представляється Тернопільський національний педагогічний університет імені Володимира Гнатюка
Рік отримання вченого ступеня 2018
520 ## - Резюме і т.п.
Резюме, реферат, анотація, тощо (НП) У дисертації комплексно й всебічно досліджено діяльність парцеляційного товариства (кооперативного банку) “Земля” у Східній Галичині упродовж 1907–1939 рр. Визначено його місце у соціально-економічній структурі, зокрема, у кредитній кооперації краю. Розкрито особливості статутних положень цього кооперативу та порівняно його структуру та організацію управління із іншими схожими інституціями. Досліджено основні напрямки діяльності товариства, зокрема, парцеляцію, соціальне забезпечення його працівників, кадрову політику, участь у суспільному житті Східної Галичини.
650 ## - Додаткове предметне введення – тематичний термін
Джерело заголовка чи терміна UDC
Тематичний термін чи географічна назва, як елемент введення (НП) 94 Історія
942 ## - Додаткові елементи входу (Коха)
Source of classification or shelving scheme Universal Decimal Classification
Тип елемента Koha Автореферат
955 ## - Код типу видання за змістом
Код типу видання за змістом (НП) Наукові видання

Немає доступних примірників.